000 00855nam a2200253Ia 4500
003 OSt
005 20221005110515.0
006 a|||||r|||| 00| 0
007 ta
008 221004b |||||||| |||| 00| 0 hin d
024 _a32008
037 _cTextual
040 _aCRL
_cCRL
_bhin
041 _2hin
_ahin
082 _aO152v, M0
100 _aनगेन्द्र, संपा.
245 0 _aहिन्दी साहित्य का इतिहास
246 _aHindī sāhitya kā itihāsa
260 _aनई दिल्ली
_bनेशनल पब्लिशिंग हाउस भारत
_c1980
300 _a736
_94पृ.
_ccm.
650 _aहिन्दी साहित्य
942 _hO152v, M0
_cTEXL
_2cc
999 _c1019034
_d1019034